Statistics for WWF Royal Rumble 1995 Entrants Quiz

Click here to take the quiz!

General Stats

  • This quiz has been taken 55 times
  • The average score is 12 of 30

Answer Stats

EN Answer EL % Correct
1Shawn MichaelsW
97%
11Owen Hart2
79%
2The British Bulldog29
76%
19Lex Luger27
56%
3Eli Blu9
47%
14Jacob Blu12
47%
22Henry O. Godwinn26
44%
4Duke Droese3
44%
17Mabel16
44%
29Fatu24
41%
30Crush28
41%
16Mo13
41%
18Bushwhacker Butch15
38%
8Doink the Clown7
38%
24Bart Gunn19
35%
28Adam Bomb22
35%
23Billy Gunn20
35%
20Mantaur18
35%
15King Kong Bundy14
35%
9Kwang8
35%
13Bushwhacker Luke11
35%
5Jimmy Del Ray1
32%
25Bob Backlund17
32%
10Rick Martel5
32%
7Tom Prichard6
29%
6Sione10
24%
26Steven Dunn21
24%
12Timothy Well4
24%
21Aldo Montoya23
24%
27Dick Murdoch25
21%

Score Distribution

Percentile by Number Answered

Percent of People with Each Score

Your Score History

You have not taken this quiz